00806nam a22002055i 4500001000700000003000900007005001700016008004100033080001900074080001900093080001600112100002200128245010800150260007500258300002100333650004500354650004400399650006200443852009500505155239ES-MaACL20250718145019.0040719s1847 sp |||| | spa d a336.275.3(460) a336.273.3(460) a35(460).0561 aHenderson, James.10aRepresentación a las Cortes de España relativa a la deuda estrangera [sic] / cpor Jaime Henderson. aMadrid : b[s.n.], c1847 (fEstab. Tip. Pasadizo de S. Ginés, n. 3) a20 p. ; c19 cm. 4aTítulos de deuda pública-zEspaña. 4aPréstamos internacionales-zEspaña. 7aResponsabilidad patrimonial de la administración2embne4 aES-MaACLjT-18-F-10 z- Enc. hol., falto de cub. original z- Enc. en un vol. facticio